书目信息 |
| 题名: |
哲学小辞典
|
|
| 作者: | 刘延勃 主编 | |
| 分册: | ||
| 出版信息: | 长春 吉林人民出版社 1983 |
|
| 页数: | 425页 | |
| 开本: | 19cm | |
| 丛书名: | ||
| 单 册: | ||
| 中图分类: | B-61 | |
| 科图分类: | ||
| 主题词: | 哲学--词典 | |
| 电子资源: | ||
| ISBN: | ||
| 000 | 00567nam0 2200217 45 | |
| 001 | 0183007812 | |
| 005 | 20051111104602.71 | |
| 010 | @dCNY1.20 | |
| 091 | @a2091.49 | |
| 100 | @a19960215d1983 em y0chiy0121 ea | |
| 101 | 0 | @achi |
| 102 | @aCN@b220000 | |
| 105 | @ay e 000yy | |
| 200 | 10 | @a哲学小辞典@Azhe xue xiao ci dian@f刘延勃等主编@FLiu Yan Bo Deng Zhu Bian |
| 210 | @a长春@c吉林人民出版社@d1983 | |
| 215 | @a425页@d19cm | |
| 606 | @a哲学@x词典 | |
| 690 | @aB-61@v3 | |
| 701 | 0 | @a刘延勃@4主编 |
| 801 | 0 | @aCN@bNLC@c20051111 |
| 905 | @f1@b173637@dB-61@e17 | |
| 哲学小辞典/刘延勃等主编.-长春:吉林人民出版社,1983 |
| 425页;19cm |
| ISBN :CNY1.20 |
| ● |
| 相关链接 |
|
|
|
|
正题名:哲学小辞典
索取号:B-61/17
 
预约/预借
| 序号 | 登录号 | 条形码 | 馆藏地/架位号 | 状态 | 备注 |
| 1 | 0173637 | 001980985 | 第一借阅区/ [索取号:B-61/17] | 在馆 | |
| 2 | 0173638 | 202139364 | 密集书库/ [索取号:B-61/17] | 在馆 | |
| 3 | 0173639 | 001391256 | 第一样本阅览室/ [索取号:B-61/17] | 在馆 |